| 000 | 00444nam a22001817a 4500 | ||
|---|---|---|---|
| 003 | 0 | ||
| 005 | 20220114142518.0 | ||
| 008 | 0 | ||
| 020 | _a9780716601142 | ||
| 040 | _c0 | ||
| 050 |
_aAE5 _b.W55 2014 |
||
| 245 | _aThe world book encyclopedia | ||
| 260 |
_aU.S.A: _bA Scott Fretzer Company; _cc2014. |
||
| 300 |
_a510pages: _bwith Illustration: _c26 cm. |
||
| 504 | _aIncludes Index | ||
| 650 | _aEncyclopedia and Dictionary | ||
| 942 |
_2lcc _cREF |
||
| 999 |
_c3458 _d3458 |
||